| 000 | 00637cam a2200193 a 4500 | ||
|---|---|---|---|
| 020 | _a9780896291904 (pbk.) | ||
| 040 | _cDNAL | ||
| 082 | 0 | 0 | _a338 INT 2011 C163 Or. |
| 245 | 0 | 0 | _aEngendering agricultural research, development and extension / |
| 260 |
_aWashington, D.C. : _bInternational Food Policy Research Institute, _cc2011. |
||
| 300 |
_axiii, 138 p. : _bill. ; _c23 cm. |
||
| 490 | 1 | _aIFPRI research monograph | |
| 650 | 0 | _aWomen in agriculture. | |
| 650 | 0 | _aWomen in development. | |
| 650 | 0 | _aAgriculture | |
| 700 | 1 | _aMeinzen-Dick, Ruth Suseela. | |
| 710 | 2 | _aInternational Food Policy Research Institute. | |
| 942 | _cEK | ||
| 999 |
_c19176 _d19176 |
||